| 000 | 007300000a22002290004500 | ||
|---|---|---|---|
| 001 | 51960 | ||
| 010 | _a978-972-21-2648-9 | ||
| 021 |
_aPT _b362591/13 |
||
| 100 | _a20140122d2014 e y0pory5003 ba | ||
| 101 | 0 | _apor | |
| 102 | _aPT | ||
| 200 | 1 |
_aUma escuridão bonita _fOndjaki _gil. António Jorge Gonçalves |
|
| 210 |
_aLisboa _cCaminho _d2013 |
||
| 215 |
_a105, [5] p. _cIl. _d21 cm |
||
| 606 | _aLiteratura angolana -- conto | ||
| 675 |
_a82(673)-34 _vBN _zpor |
||
| 700 | 1 |
_aOndjaki _cpseud. |
|
| 702 | 1 |
_922463 _aGonçalves _bAntónio Jorge _f1964- _4440 |
|
| 801 |
_aPT _c20140122 |
||
| 090 | _a51960 | ||
| 942 |
_cMON _n0 |
||
| 999 | _a51960 | ||